000 01106nam0a22002771 4500
001 v19\rc\1959779
005 20251118181002.7
035 _a(NLR Aleph) 005043637
090 _a6820152
_c6820152
100 _a20080428d1913 u y0rusy50 ca
101 0 _arus
102 _aRU
105 _ay z |||||
200 1 _aУстав Попечительства при св. Петровской церкви Симферопольской губернской тюрьмы
_eУтв. 9 июня 1913 г.
210 _aБ.м.
_d[1913]
215 _a9 с.
309 _aБез тит. л. и обл.
532 1 2 _aУстав Попечительства при святой Петровской церкви Симферопольской губернской тюрьмы
710 0 2 _aСимферопольская губ. тюрьма
_bПопечительство при св. Петровской церкви
801 0 _aRU
_bNLR
_gpsbo
801 0 _aRU
_bRuMoRGB
_2psbo
801 1 _aRU
_bProSoft-M
_2rusmarc
852 _aNLR
_j40.21.7.424
899 _aRuMoRGB
_jV 113/1524
942 _cBOOK
980 _aNB